The morale boosting poems / (Record no. 180186)

MARC details
000 -LEADER
fixed length control field 00545nam a22001937a 4500
005 - DATE AND TIME OF LATEST TRANSACTION
control field 20210728121357.0
010 ## - LCCN (DPL NO)
LC control number B-740669
020 ## - INTERNATIONAL STANDARD BOOK NUMBER
International Standard Book Number 9789352812721
Terms of availability 120.00
035 ## - SYSTEM CONTROL NUMBER
System control number B-740669
037 ## - SOURCE OF ACQUISITION
Source of stock number/acquisition Gift
082 ## - DEWEY DECIMAL CLASSIFICATION NUMBER
Classification number 881
100 ## - MAIN ENTRY--PERSONAL NAME
Personal name Satya Prakash
245 ## - TITLE STATEMENT
Title The morale boosting poems /
Statement of responsibility, etc by Satya Prakash
250 ## - EDITION STATEMENT
Edition statement 1st ed.
260 ## - PUBLICATION, DISTRIBUTION, ETC. (IMPRINT)
Name of publisher, distributor, etc Satya Prakash
Date of publication, distribution, etc 2017
300 ## - PHYSICAL DESCRIPTION
Extent viii, 52p.:
Dimensions 21cm(pbk)
Other physical details ill.
942 ## - ADDED ENTRY ELEMENTS (KOHA)
Source of classification or shelving scheme Dewey Decimal Classification
Item type Children Books
Call number suffix SAT
Classification part 881
Holdings
Withdrawn status Lost status Not for loan Collection code Home library Current library Date acquired Source of acquisition Cost, normal purchase price Full call number Barcode Copy number Cost, replacement price Koha item type Public note
      Non-fiction Central Library Central Library 28/07/2021 Gift/Eng/07-07-2021 120.00 881 SAT B-740669 1 120.00 Children Books Gift

© Delhi Public Library
Hit Counter
free hit counter